00495nam a2200157 a 450000100100000000500170001000800410002704000250006811000320009324500260012526000350015130000200018604900090020695201050021599900170032000003188920200930063247.0110707s1985 dr 000 0 spa d aDO-SdBNPbspacBNPHU aBanco Financiero BHD95808810aMemoria anual 1985 /. aSanto Domingo :bBHD,c[1985]. a40 p. ;c28 cm. aBNPD 0010718PDaPDbPDcCTd2011-07-07iLF1l0o p31889-10r2020-06-25w2020-06-25yLFPDZNo se presta c31380d31380